000 00688nam a2200229 a 4500
001 19473
003 CO-ViMGA
008 141112s2004 ck r 000 u spa d
020 _a9687681535
040 _aCO-ViMGA
_bspa
_cCO-ViMGA
082 0 4 _a658.022 V153
100 1 _aValencia Rodríguez, Joaquín
_928073
245 1 0 _aCómo administrar pequeñas y medianas empresas
260 _aMexico :
_bEcafsa; 1996
300 _a268 p.
590 _aForma de adquisición : Premio Mincultura
650 1 4 _aADMINISTRACION DE EMPRESAS
_92735
650 1 4 _aMICROEMPRESAS - ORGANIZACION
_928074
650 1 4 _aPEQUEÑAS Y MEDIANAS EMPRESAS
_928075
650 1 4 _aPYMES
_928076
942 _2ddc
_cBK
999 _c28614
_d28614